中国高铁小测验1 Quiz of China Railway Highspeed 1 - Statistics

General Stats
  • This quiz has been taken 95 times
  • The average score is 3 of 8
Answer Stats
Question Answer % Correct
下面哪个车站不是以5A级景区命名的? 五府山站
66%
从南京坐高铁去上海,在不绕路的情况下(只经过1条线路),必须经过以下哪个县级行政区? 江苏省镇江市句容市
55%
从兰州西站坐高铁到乌鲁木齐南站不会经过下列哪个站点? 敦煌站
48%
下面哪个县级市在京广高铁上没有“东站”? 湖北省咸宁市赤壁市
45%
下面哪个车站不在广惠城际上? 北滘站
38%
下面哪个车站不在长株潭城际上? 云山站
34%
下面选项中,站点线路配对正确的是? 平果站—南广客专
31%
下面哪个车站在东方市境内? 金月湾站
24%
No matching quizzes found
Score Distribution
Percent of People with Each Score
Percentile by Number Answered
Your Score History
You have not taken this quiz